000
00268nam a2200097Ia 4500
005
20250424112926.0
008
250424s9999 xx 000 0 und d
300
_a
1426-1544 p. : ill. ; 28 cm.
650
_a
Airplanes--Technological innovations--Periodicals.
942
_c
SR
999
_c
37913
_d
37913